<?xml version="1.0" encoding="UTF-8"?>
<record
    xmlns:xsi="http://www.w3.org/2001/XMLSchema-instance"
    xsi:schemaLocation="http://www.loc.gov/MARC21/slim http://www.loc.gov/standards/marcxml/schema/MARC21slim.xsd"
    xmlns="http://www.loc.gov/MARC21/slim">

  <leader>00322nam a22001217a 4500</leader>
  <datafield tag="040" ind1=" " ind2=" ">
    <subfield code="c">HS</subfield>
  </datafield>
  <datafield tag="082" ind1=" " ind2=" ">
    <subfield code="a">333</subfield>
  </datafield>
  <datafield tag="100" ind1=" " ind2=" ">
    <subfield code="a">&#x179C;&#x17B9;&#x1784; &#x179F;&#x17C1;&#x178A;&#x17D2;&#x178B;&#x17B6;</subfield>
  </datafield>
  <datafield tag="245" ind1=" " ind2=" ">
    <subfield code="a">&#x1780;&#x17B6;&#x179A;&#x1782;&#x17D2;&#x179A;&#x1794;&#x17CB;&#x1782;&#x17D2;&#x179A;&#x1784;&#x1793;&#x17B7;&#x1784;&#x17A2;&#x1797;&#x17B7;&#x179A;&#x1780;&#x17D2;&#x179F;&#x178A;&#x17B8;</subfield>
  </datafield>
  <datafield tag="260" ind1=" " ind2=" ">
    <subfield code="a">RUA</subfield>
    <subfield code="b">&#x179C;&#x17B9;&#x1784; &#x179F;&#x17C1;&#x178A;&#x17D2;&#x178B;&#x17B6;</subfield>
    <subfield code="c">2011</subfield>
  </datafield>
  <datafield tag="300" ind1=" " ind2=" ">
    <subfield code="a">45p;</subfield>
  </datafield>
  <datafield tag="942" ind1=" " ind2=" ">
    <subfield code="c">KB</subfield>
  </datafield>
  <datafield tag="999" ind1=" " ind2=" ">
    <subfield code="c">9435</subfield>
    <subfield code="d">9435</subfield>
  </datafield>
  <datafield tag="952" ind1=" " ind2=" ">
    <subfield code="0">0</subfield>
    <subfield code="1">0</subfield>
    <subfield code="4">0</subfield>
    <subfield code="6">333_000000000000000_&#x179C;&#x17B9;&#x1784;_2011_C63</subfield>
    <subfield code="7">0</subfield>
    <subfield code="9">51360</subfield>
    <subfield code="a">LBC</subfield>
    <subfield code="b">LBC</subfield>
    <subfield code="c">C063</subfield>
    <subfield code="d">2016-09-01</subfield>
    <subfield code="l">1</subfield>
    <subfield code="o">333 &#x179C;&#x17B9;&#x1784; 2011 C63</subfield>
    <subfield code="p">RUA44113</subfield>
    <subfield code="r">2017-02-08</subfield>
    <subfield code="s">2017-01-23</subfield>
    <subfield code="y">KB</subfield>
  </datafield>
  <datafield tag="952" ind1=" " ind2=" ">
    <subfield code="0">0</subfield>
    <subfield code="1">0</subfield>
    <subfield code="4">0</subfield>
    <subfield code="6">333_000000000000000_&#x179C;&#x17B9;&#x1784;_2011_C63</subfield>
    <subfield code="7">0</subfield>
    <subfield code="9">51361</subfield>
    <subfield code="a">LBC</subfield>
    <subfield code="b">LBC</subfield>
    <subfield code="c">C063</subfield>
    <subfield code="d">2016-09-01</subfield>
    <subfield code="l">1</subfield>
    <subfield code="o">333 &#x179C;&#x17B9;&#x1784; 2011 C63</subfield>
    <subfield code="p">RUA41710</subfield>
    <subfield code="r">2022-01-24</subfield>
    <subfield code="s">2022-01-10</subfield>
    <subfield code="y">KB</subfield>
  </datafield>
</record>
